Tafheem-ul-Quran Volume 2 (Surah Al-Aaraf - Surah Bane-Israel) - (urdu) (Record no. 62325)

000 -LEADER
fixed length control field 00515nam a22001817a 4500
003 - CONTROL NUMBER IDENTIFIER
control field NUST-PNEC
005 - DATE AND TIME OF LATEST TRANSACTION
control field 20170116180745.0
008 - FIXED-LENGTH DATA ELEMENTS--GENERAL INFORMATION
fixed length control field 150122b xxu||||| |||| 00| 0 eng d
040 ## - CATALOGING SOURCE
Transcribing agency PNEC
082 ## - DEWEY DECIMAL CLASSIFICATION NUMBER
Classification number 297.1229 MAU
100 ## - MAIN ENTRY--PERSONAL NAME
9 (RLIN) 1233
Personal name Maududi Abul Ala
245 ## - TITLE STATEMENT
Title Tafheem-ul-Quran Volume 2 (Surah Al-Aaraf - Surah Bane-Israel) - (urdu)
Statement of responsibility, etc. Abul Ala Maududi
250 ## - EDITION STATEMENT
Edition statement Vol.2
260 ## - PUBLICATION, DISTRIBUTION, ETC.
Place of publication, distribution, etc. Lahore :
Name of publisher, distributor, etc. Tarjuman ul Quran.
Date of publication, distribution, etc. c1990.
300 ## - PHYSICAL DESCRIPTION
Extent 712 p. :
Dimensions 26 cm.
650 ## - SUBJECT ADDED ENTRY--TOPICAL TERM
General subdivision Islam
-- History
942 ## - ADDED ENTRY ELEMENTS (KOHA)
Source of classification or shelving scheme
Koha item type Book
Holdings
Withdrawn status Lost status Source of classification or shelving scheme Damaged status Not for loan Permanent Location Current Location Shelving location Date acquired Source of acquisition Cost, normal purchase price Total Checkouts Full call number Barcode Date last seen Cost, replacement price Price effective from Koha item type
          Pakistan Navy Engineering College (PNEC) Pakistan Navy Engineering College (PNEC)   02/16/1992 Library / Reference Grant 125.00   297.1229 MAU PNECLIB-016036 01/22/2015 125.00 02/16/1992 Book
© 2023 Central Library, National University of Sciences and Technology. All Rights Reserved.